Composite material for aircraft structures (Record no. 574055)

000 -LEADER
fixed length control field 00494nam a22001817a 4500
003 - CONTROL NUMBER IDENTIFIER
control field CEME
005 - DATE AND TIME OF LATEST TRANSACTION
control field 20210628203525.0
008 - FIXED-LENGTH DATA ELEMENTS--GENERAL INFORMATION
fixed length control field 210316b xxu||||| |||| 00| 0 eng d
020 ## - INTERNATIONAL STANDARD BOOK NUMBER
International Standard Book Number 0-930403-11-8
040 ## - CATALOGING SOURCE
Transcribing agency .
082 ## - DEWEY DECIMAL CLASSIFICATION NUMBER
Classification number 629.134 COM'H
100 ## - MAIN ENTRY--PERSONAL NAME
Personal name Baker, A.A , Hoskin, B.C
9 (RLIN) 66000
245 ## - TITLE STATEMENT
Title Composite material for aircraft structures
260 ## - PUBLICATION, DISTRIBUTION, ETC.
Place of publication, distribution, etc. WASHINGTON D.C
Name of publisher, distributor, etc. AIAA
Date of publication, distribution, etc. 1986
300 ## - PHYSICAL DESCRIPTION
Extent X,237P
650 ## - SUBJECT ADDED ENTRY--TOPICAL TERM
Topical term or geographic name entry element AIRPLANES MATERIALS COMPOSITE MATERIALS
9 (RLIN) 58728
942 ## - ADDED ENTRY ELEMENTS (KOHA)
Koha item type Book
Source of classification or shelving scheme
Holdings
Withdrawn status Lost status Damaged status Not for loan Permanent Location Current Location Shelving location Date acquired Total Checkouts Full call number Barcode Date last seen Price effective from Koha item type
        College of Electrical & Mechanical Engineering (CEME) College of Electrical & Mechanical Engineering (CEME) General Stacks 07/28/2017   629.134 COM'H CEME-28430 06/28/2021 06/28/2021 Book
© 2023 Central Library, National University of Sciences and Technology. All Rights Reserved.